ბათუმის შოთა რუსთაველის სახელმწიფო უნივერსიტეტის ბიბლიოთეკა

Эксплуатация нефтяных и газовых скважин (ბიბ.ჩანაწერი № 38258)

000 -LEADER
fixed length control field 00550nam a2200193Ia 4500
001 - CONTROL NUMBER
control field 4248
003 - CONTROL NUMBER IDENTIFIER
control field GE_BSU
008 - FIXED-LENGTH DATA ELEMENTS--GENERAL INFORMATION
fixed length control field 181216s||||||||xx |||||||||||||| ||und||
040 ## - CATALOGING SOURCE
Transcribing agency GE_BSU
080 ## - UNIVERSAL DECIMAL CLASSIFICATION NUMBER
Universal Decimal Classification number 622.276.5(075.32)
100 ## - MAIN ENTRY--PERSONAL NAME
Personal name Муравьев,В.М.
245 ## - TITLE STATEMENT
Title Эксплуатация нефтяных и газовых скважин
260 ## - PUBLICATION, DISTRIBUTION, ETC.
Place of publication, distribution, etc. М.
260 ## - PUBLICATION, DISTRIBUTION, ETC.
Name of publisher, distributor, etc. Недра.
260 ## - PUBLICATION, DISTRIBUTION, ETC.
Date of publication, distribution, etc. 1973.
300 ## - PHYSICAL DESCRIPTION
Extent 384 стр. 22 см.
653 ## - INDEX TERM--UNCONTROLLED
Uncontrolled term Эксплуатация нефтяных и газовых скважин.
942 ## - ADDED ENTRY ELEMENTS (KOHA)
Koha item type წიგნი
ეგზემპლარები
Withdrawn status Lost status Damaged status Not for loan Date acquired Barcode Date last seen Price effective from Koha item type Public note
        2018-12-17 9534 2018-12-17 2018-12-17 წიგნი საცავი